Statistics for Weirdest City/Town Name In Each State

Click here to take the quiz!

General Stats

  • This quiz has been taken 24 times
  • The average score is 5 of 50

Answer Stats

CityState% Correct
UnalaskaAlaska
67%
HellMichigan
33%
Santa ClausIndiana
29%
BoringMaryland
29%
WoonsocketRhode Island
29%
VolcanoHawaii
24%
SandwichIllinois
24%
BathNew Hampshire
24%
WhyArizona
19%
Happy ValleyOregon
14%
IntercoursePennsylvania
14%
HumptulipsWashington
14%
ChugwaterWyoming
14%
ScreamerAlabama
10%
SmackoverArkansas
10%
Rough And ReadyCalifornia
10%
No NameColorado
10%
Two EggFlorida
10%
ClimaxGeorgia
10%
BelchertownMassachusetts
10%
NimrodMinnesota
10%
NeversinkNew York
10%
KnockemstiffOhio
10%
Gene AutryOklahoma
10%
Ding DongTexas
10%
Mexican HatUtah
10%
Satans KingdomVermont
10%
BosstownWisconsin
10%
GasKansas
5%
Burnt PorcupineMaine
5%
Hot CoffeeMississippi
5%
PrayMontana
5%
JiggsNevada
5%
Cannon BallNorth Dakota
5%
Mud ButteSouth Dakota
5%
BumpassVirginia
5%
HazardvilleConnecticut
0%
Corner KetchDelaware
0%
SlickpooIdaho
0%
What CheerIowa
0%
BugtussleKentucky
0%
UneedusLouisiana
0%
TightwadMissouri
0%
MagnetNebraska
0%
LoveladiesNew Jersey
0%
Candy KitchenNew Mexico
0%
WhynotNorth Carolina
0%
KetchuptownSouth Carolina
0%
DifficultTennessee
0%
Lick ForkWest Virginia
0%

Score Distribution

Percentile by Number Answered

Percent of People with Each Score

Your Score History

You have not taken this quiz